Tasas de interés para la toma de decisiones de inversión / (Registro nro. 8067)
[ vista simple ]
| 000 -LEADER | |
|---|---|
| fixed length control field | 02900nam a2200277Ia 4500 |
| 003 - CONTROL NUMBER IDENTIFIER | |
| control field | OSt |
| 005 - DATE AND TIME OF LATEST TRANSACTION | |
| control field | 20210720095502.0 |
| 008 - FIXED-LENGTH DATA ELEMENTS--GENERAL INFORMATION | |
| fixed length control field | 210310s2011 ck gr 000 0dspa d |
| 020 ## - INTERNATIONAL STANDARD BOOK NUMBER | |
| International Standard Book Number | 9789588692210 |
| 040 ## - CATALOGING SOURCE | |
| Original cataloging agency | CO-JMCR |
| Transcribing agency | CO-JMCR |
| 041 0# - LANGUAGE CODE | |
| Language code of text/sound track or separate title | spa |
| 082 04 - DEWEY DECIMAL CLASSIFICATION NUMBER | |
| Classification number | 332.82 / |
| Item number | C961t |
| Edition number | 23 |
| 100 1# - MAIN ENTRY--PERSONAL NAME | |
| Personal name | Cuartas Mejía, Vicente, |
| 9 (RLIN) | 16241 |
| Relator term | autor |
| 245 10 - TITLE STATEMENT | |
| Title | Tasas de interés para la toma de decisiones de inversión / |
| Statement of responsibility, etc. | Vicente Cuartas Mejía, Daniel Manzano Mira, José Fernando Gómez y [1 más] |
| 250 ## - EDITION STATEMENT | |
| Edition statement | 1° edición |
| 260 ## - PUBLICATION, DISTRIBUTION, ETC. | |
| Place of publication, distribution, etc. | Medellín : |
| Name of publisher, distributor, etc. | Universidad de Medellín : Ediciones U, |
| Date of publication, distribution, etc. | 2011 |
| 300 ## - PHYSICAL DESCRIPTION | |
| Extent | 106 páginas ; |
| Dimensions | 24 cm. |
| 500 ## - GENERAL NOTE | |
| General note | Incluye datos biográficos de los autores y glosario. |
| 504 ## - BIBLIOGRAPHY, ETC. NOTE | |
| Bibliography, etc. note | Bibliografía: páginas 105-106 |
| 505 0# - FORMATTED CONTENTS NOTE | |
| Formatted contents note | Generalidades y conversión de las tasas de interés -- Tasas netas, combinadas, reales, tasas promedio, tasas promedio ponderadas, tasas futuras implícitas (forward) -- Tasas de cambio y devaluación cruzadas -- Rentabilidad de las tasas de inversiones en moneda extranjera |
| 520 3# - SUMMARY, ETC. | |
| Summary, etc. | En el mundo de las inversiones y las finanzas, las tasas de interés juegan un papel muy importante, ya que es por medio de estas que el inversionistas mide y compara la rentabilidad de diferentes proyectos de inversión, con el fin de escoger la mejor alternativa. Esta obra contiene los fundamentos para el estudio, análisis y comprensión del manejo financiero de las tasas de interés. Los conceptos se exponen de una forma clara y sencilla, de tal modo que le permita al lector el aprendizaje rápido, aun sin tener conocimientos sobre finanzas, ya que se exponen con matemáticas simples o convencionales. Cada uno de los temas tratados va acompañado de ejercicios de común ocurrencia en el mercado financiero y de capitales, tanto en el contexto nacional como internacional. El texto está acompañado de la aplicación de algunos temas en Excel, al igual que un simulador interactivo, el cual le permite al lector comprobar y resolver de manera rápida pequeños problemas del acontecer financiero en el campo de las tasas de interés. Al terminar de leer y comprender el texto, el lector tendrá la capacidad de analizar, interpretar y aplicar a la vida cotidiana los diferentes temas concernientes a las tasas de interés. Podrá solucionar de manera ágil problemas financieros presentes a la hora de adquirir un crédito o de realizar una inversión, sea en moneda nacional o extrajera. El lector también tendrá la capacidad de comprender los diferentes conceptos dentro del tópico de las tasas de interés: conversión de tasas, DTF, IPOC, UVR tasas futuras implícitas, netas, reales, devaluación, 4 por mil, TRM, entre otros. |
| 650 14 - SUBJECT ADDED ENTRY--TOPICAL TERM | |
| Topical term or geographic name entry element | Tasas de interés |
| 9 (RLIN) | 16243 |
| Form subdivision | Modelos matemáticos |
| 700 1# - ADDED ENTRY--PERSONAL NAME | |
| Personal name | Manzano Mira, Daniel, |
| Relator term | autor |
| 9 (RLIN) | 38582 |
| 700 1# - ADDED ENTRY--PERSONAL NAME | |
| Personal name | Gómez, José Fernando, |
| Relator term | autor |
| 9 (RLIN) | 38583 |
| 942 ## - ADDED ENTRY ELEMENTS (KOHA) | |
| Source of classification or shelving scheme | Dewey Decimal Classification |
| Koha item type | Books |
| Withdrawn status | Lost status | Source of classification or shelving scheme | Damaged status | Not for loan | Collection code | Home library | Current library | Date acquired | Source of acquisition | Full call number | Barcode | Date last seen | Copy number | Koha item type |
|---|---|---|---|---|---|---|---|---|---|---|---|---|---|---|
| Dewey Decimal Classification | Non-fiction | Biblioteca Pública José María del Castillo y Rada | Biblioteca Pública José María del Castillo y Rada | 04/15/2018 | Donación | 332.82 / C961t | 430003204 | 05/16/2024 | Ej.1 | Books |